Mujer, trabajo y ciudadanía /

Guardat en:
Dades bibliogràfiques
Autor principal: Zaida Lobato, Mirta
Altres autors: Villar Márquez, Eliana Córdova Cayo, Patricia Spione, Claudia M, Ulloa González, Mirtha
Format: Text
Publicat: Buenos Aires: CLACSO
Etiquetes: Afegir etiqueta
Sense etiquetes, Sigues el primer a etiquetar aquest registre!

MARC

LEADER 00000 a a2200000 04500
001 38928
003
040
020 |a 950-9231-39-8  
090 |a 10033 L796m  
100 |a Zaida Lobato, Mirta  
245 |a Mujer, trabajo y ciudadanía /  |c Mirta Zaida Lobato 
260 |a Buenos Aires:   |b CLACSO  
300 |a 229 p.  
700 |a Villar Márquez, Eliana   |a Córdova Cayo, Patricia   |a Spione, Claudia M,   |a Ulloa González, Mirtha  
999 |c 11566  |d 11566